000 00296nam a2200109 a 4500
008 101213s2008|||| d
245 1 0 _aAdresár knižníc a informačných inštitúcií SR
260 _bUniverzitná knižnica
_aBratislava
_c2008
020 _c10
041 _aslo
044 _axo
_cSK
999 _c15165
_d15165